Central Library OPAC University of Rajshahi
Normal view MARC view

Entry Personal Name

Number of records used in: 2

001 - CONTROL NUMBER

  • control field: 16450

003 - CONTROL NUMBER IDENTIFIER

  • control field: BD-RjUL

005 - DATE AND TIME OF LATEST TRANSACTION

  • control field: 20250804120504.0

008 - FIXED-LENGTH DATA ELEMENTS

  • fixed length control field: 250804|| aca||aabn | a|a d

040 ## - CATALOGING SOURCE

  • Original cataloging agency: BD-RjUL
  • Transcribing agency: BD-RjUL

100 ## - HEADING--PERSONAL NAME

  • Personal name: David, John Llewelyn 1826-1916, [from old catalog]

670 ## - SOURCE DATA FOUND

  • Source citation: Work cat.: (BD-RjUL)36447: Plato. 110958, The Republic of Plato :, 1852 [Reprinted 1950]